Alphabet - Sudden Death - Statistics

General Stats
  • This quiz has been taken 182 times
  • The average score is 8 of 26
Answers on the Grid
Answers color-coded by a green-red scale on the quiz's grid according to % correct below.
A
G
D
B
W
C
D
E
L
G
F
G
I
J
P
H
I
J
K
M
A
L
W
M
T
N
O
Z
E
P
O
R
Q
R
T
S
V
U
T
V
Q
U
V
W
D
X
F
Y
I
S
Q
Z
 
Answer Stats
Answer % Correct
A
98%
B
89%
C
87%
D
51%
E
48%
F
44%
G
37%
H
37%
I
22%
L
21%
N
21%
J
20%
K
20%
M
20%
O
20%
P
20%
Q
20%
R
19%
S
19%
T
19%
Z
19%
U
18%
V
18%
W
18%
X
18%
Y
18%
No matching quizzes found
Score Distribution
Percent of People with Each Score
Percentile by Number Answered
Your Score History
You have not taken this quiz